ბათუმის შოთა რუსთაველის სახელმწიფო უნივერსიტეტის ბიბლიოთეკა

Финансовая информатика (ბიბ.ჩანაწერი № 37141)

000 -LEADER
fixed length control field 00574nam a2200229Ia 4500
001 - CONTROL NUMBER
control field 3097
003 - CONTROL NUMBER IDENTIFIER
control field GE_BSU
008 - FIXED-LENGTH DATA ELEMENTS--GENERAL INFORMATION
fixed length control field 181216s||||||||xx |||||||||||||| ||und||
020 ## - INTERNATIONAL STANDARD BOOK NUMBER
International Standard Book Number 5721800992
040 ## - CATALOGING SOURCE
Transcribing agency GE_BSU
080 ## - UNIVERSAL DECIMAL CLASSIFICATION NUMBER
Universal Decimal Classification number 336(075.8)
100 ## - MAIN ENTRY--PERSONAL NAME
Personal name Скрипкин К.Г.
245 ## - TITLE STATEMENT
Title Финансовая информатика
245 ## - TITLE STATEMENT
Remainder of title Учебное пособие
260 ## - PUBLICATION, DISTRIBUTION, ETC.
Place of publication, distribution, etc. Москва
260 ## - PUBLICATION, DISTRIBUTION, ETC.
Name of publisher, distributor, etc. ТЕИС
260 ## - PUBLICATION, DISTRIBUTION, ETC.
Date of publication, distribution, etc. 1997
300 ## - PHYSICAL DESCRIPTION
Extent 160 с. 20 см.
653 ## - INDEX TERM--UNCONTROLLED
Uncontrolled term Финансовая информация
942 ## - ADDED ENTRY ELEMENTS (KOHA)
Koha item type წიგნი
ეგზემპლარები
Withdrawn status Lost status Damaged status Not for loan Date acquired Barcode Date last seen Price effective from Koha item type Public note
        2018-12-17 8219 2018-12-17 2018-12-17 წიგნი დარბაზი
        2018-12-17 8220 2018-12-17 2018-12-17 წიგნი დარბაზი
        2018-12-17 8221 2018-12-17 2018-12-17 წიგნი დარბაზი